Els Programes d'acció educativa de la CEE : Jornades d'informació : 25 i 26 de maig de 1987, Aula Magna de la Facultat de Biologia de la Universitat de Barcelona Jornades d'informació :
Publicado:
Barcelona :
Generalitat de Catalunya, Departament d'Ensenyament, Secretaria General ,
1988
Descripción Física:
112 p. ; 24 cm
Otros Autores:
Universitat de Barcelona. Facultat de Biologia
MARC
| LEADER | 00000nam a2200000Ia 4500 | ||
|---|---|---|---|
| 001 | 7872 | ||
| 008 | 160829s1988 xx 000 0 cat d | ||
| 080 | |a E-1-45 | ||
| 245 | |a Els Programes d'acció educativa de la CEE : |b Jornades d'informació : |b 25 i 26 de maig de 1987, Aula Magna de la Facultat de Biologia de la Universitat de Barcelona | ||
| 260 | |a Barcelona : |b Generalitat de Catalunya, Departament d'Ensenyament, Secretaria General, |c 1988 | ||
| 300 | |a 112 p. ; |c 24 cm | ||
| 650 | |a Ensenyament |x Comunitat Econòmica Europea, Països de la |9 35455 | ||
| 700 | |a Universitat de Barcelona. Facultat de Biologia |9 32831 | ||
| 710 | |a Catalunya. |b Departament d'Ensenyament |9 52899 | ||
| 901 | |a Arxiu | ||
| 942 | |n 1 | ||
| 952 | |0 0 |1 0 |4 0 |6 E145 |7 1 |9 46909 |a Arxiu |b Arxiu |d 2016-12-01 |l 0 |o E-1-45 |p 7872 |r 2016-12-01 00:00:00 |w 2016-12-01 |y ARXIU | ||
| 999 | |c 50702 |d 50702 | ||